000 00458nam a22001817a 4500
003 MPLRDC
005 20220104190302.0
008 210129b ||||| |||| 00| 0 eng d
020 _a978-7-5104-0610-2
082 _a711 WEL
100 _aHERBERT GEORGE WELLS
245 _a图释世界史
_c徐建萍 等译
250 _a一版一刷
260 _a中国
_b新世界出版社
_c2009
300 _b
650 _a世界通史
942 _cBK
_o711 WEL
999 _c63715
_d63705